Asian Capitals by First Letter - Statistics

General Stats
  • This quiz has been taken 368 times
  • The average score is 13 of 16
Answer Stats
Hint Answer % Correct
B Baghdad + 6
98%
A Abu Dhabi + 4
93%
J Jakarta + 1
93%
D Damascus + 4
91%
T Taipei + 5
89%
K Kabul + 3
88%
M Male + 3
86%
S Sana'a + 3
84%
H Hanoi
81%
U Ulaanbaatar
81%
I Islamabad
80%
N Naypyidaw + 2
74%
P Phnom Penh + 1
74%
R Riyadh
68%
Y Yerevan
65%
V Vientiane
64%
No matching quizzes found
Score Distribution
Percent of People with Each Score
Percentile by Number Answered
Your Score History
You have not taken this quiz